000 00616nam a2200229Ia 4500
003 OSt
005 20220926004613.0
006 a|||||r|||| 00| 0
007 ta
008 220923b |||||||| |||| 00| 0 eng d
020 _a9780415585644
037 _cGeneral Book
040 _aRTL
_cRTL
_beng
041 _2eng
_aeng
082 _aY:1, Q0
100 _aSahni Kalpana
_963036
245 0 _aMulti- stories
_b Cross- cultural encounter
260 _a New Delhi
_bRoutledge
_c2010
300 _axii,192p.
_ccm.
942 _hY:1, Q0
_cGB
_2CC
999 _c611723
_d611723